Prison Break Ultimate Trivia - Statistics

General Stats
  • This quiz has been taken 4,063 times
  • The average score is 15 of 23
Answer Stats
Hint Answer % Correct
Structural engineer who helps his brother escape from Fox river Penitentiary Michael Scofield
96%
Man who is wrongly accused of murdering the presidents brother Lincoln Burrows
95%
Cellmate of one of the brothers Fernando Sucre
92%
3 Sucre
92%
2 Lincoln burrows
87%
4 t-bag
87%
Name the Fox River eight: 1 Michael scofield
85%
Name of the aboves son LJ
83%
Agent who formerly worked for the FBI but later helps the brothers Mahone
76%
5 c-note
72%
Name of the prison they are held in during their time in Panama sona
68%
7 john abruzzi
67%
8 Haywire
61%
6 tweener
60%
Girlfriend of the above Maricruz delgado
59%
Name of original Fox River warden Henry Pope
56%
2 fitz
51%
3 percy
47%
What are the three roads leading away from the prison? 1 english
46%
Name of the homeland security agent who helps the find Scylla and the betrays them Don Self
45%
Name of James Whistlers wife Sofia
38%
Head prisoner in the above prison lechero
36%
Name of Gretchens daughter Emily
25%
No matching quizzes found
Score Distribution
Percent of People with Each Score
Percentile by Number Answered
Your Score History
You have not taken this quiz